000 00675nam a2200277Ia 4500
005 20260324120249.0
008 008 260324s9999 xx 000 0 eng d
020 _a9781315796116
037 _aEBOOK
040 _aCRL
040 _beng
040 _cCRL
041 _2eng
041 _aeng
084 _qCRL
100 _aVeronica Vecchi; Manuela Brusoni; Rodney Farr-Wharton; Ben Farr-Wharton
_91157875
245 0 _aManagerial Flow
260 _bTaylor and Francis
260 _c2015
365 _a
365 _b115
856 _uhttp://www.taylorfrancis.com/books/9781315796116
942 _cEBOOK
999 _c1749323
_d1749323